000 00346 a2200109 4500
001 ART_12135
005 20260410161903.0
008 260409a
245 1 0 _aRecursions for the two-stage least-squares estimators
100 1 _aPhillips, Garry D. A.
773 0 _tJournal of econometrics
_g- Vol. 6, NÂș 1 (jul. 1977)
_wREV11720
999 _c26119
_d26119